000
00330nam a2200133Ia 4500
008
230503s9999 xx 000 0 und d
082
_a
915.42
_b
KORR
100
_a
KORANGA,Shailza
245
0
_a
Road nottaken
260
_a
Uttaranchal
_b
Uttaranchal Tourism ,India
_c
2002
300
_a
95
650
_a
Indian Geography
942
_c
BK
999
_c
2592
_d
2592